神奈川県の市区町村(1968年) - Statistics

General Stats
  • This quiz has been taken 34 times
    28 since last reset
  • The average score is 29 of 47
Answer Stats
コード 市区町村 備考 % Correct
14202 川崎市 1972年政令指定
91%
14101 横浜市鶴見区
87%
14213 大和市
87%
14102 横浜市神奈川区
83%
14104 横浜市中区
83%
14110 横浜市戸塚区
83%
14201 横須賀市
83%
14204 鎌倉市
83%
14206 小田原市
83%
14209 相模原市 2010年政令指定
83%
14107 横浜市磯子区
78%
14108 横浜市金沢区
78%
14205 藤沢市
78%
14207 茅ヶ崎市
78%
14208 逗子市
78%
14212 厚木市
78%
14103 横浜市西区
74%
14203 平塚市
74%
14210 三浦市
74%
14105 横浜市南区
70%
14109 横浜市港北区
70%
14211 秦野市
70%
14106 横浜市保土ケ谷区
65%
14382 足柄下郡箱根町
57%
14321 高座郡寒川町
52%
14322 高座郡海老名町 1971年昇格
52%
14323 高座郡座間町 1971年昇格
52%
14341 中郡大磯町
52%
14342 中郡二宮町
52%
14343 中郡伊勢原町 1971年昇格
52%
14383 足柄下郡真鶴町
52%
14384 足柄下郡湯河原町
52%
14401 愛甲郡愛川町
52%
14402 愛甲郡清川村
52%
14301 三浦郡葉山町
48%
14324 高座郡綾瀬町 1978年昇格
48%
14362 足柄上郡大井町
48%
14363 足柄上郡松田町
48%
14364 足柄上郡山北町
48%
14365 足柄上郡南足柄町 1972年昇格
48%
14366 足柄上郡開成町
48%
14361 足柄上郡中井町
43%
14421 津久井郡城山町 2007年消滅
39%
14422 津久井郡津久井町 2006年消滅
39%
14423 津久井郡相模湖町 2006年消滅
39%
14424 津久井郡藤野町 2007年消滅
39%
14381 足柄下郡橘町 1971年消滅
13%
No matching quizzes found
Score Distribution
Percent of People with Each Score
Percentile by Number Answered
Your Score History
You have not taken this quiz since the last reset